000 00731nam a22002417a 4500
005 20170124110055.0
010 _aA-704196
020 _c00.00
_a818588059
035 _aA-704196
037 _bCen Lib/Ret
040 _aDPL
_bEN
082 _a658.1
_bDWI
100 _aDwivedi, R.K.
_926147
245 _aOrganizational culture and performance /
_cby R.K. Dwivedi
246 _b
260 _bNew Delhi
_aM.D. Publications
_c1995
270 _aMd house, 11, dariya ganj
_bNew Delhi
_e110002
300 _axvii, 330p.
_c21cm(Hb)
500 _aIncludes bibliographical references .
650 _aOrganizations
_921547
650 _aOrganizational performance
_926148
942 _2ddc
_cEN
_h658.1
_mDWI
999 _c129363
_d129363